000 00399nam a22001697a 4500
003 MACL
005 20160114141729.0
008 160114b xxu||||| |||| 00| 0 eng d
040 _cMACL
041 _aEnglish
082 _a920/MOH
100 _aMohan,Kamlesh
_932252
245 _aRameshwari Nehru
260 _aIndia
_bNational Book Trust
_c2013
650 _aBiography
_932253
942 _2ddc
_cBK
999 _c52232
_d52232